[Event "SC SSV Taufers-SG Kaltern/Tramin II"]
[Site "?"]
[Date "2013.01.26"]
[Round "5.5"]
[White "Sanin, Wilfried"]
[Black "Innerbichler, Robert"]
[Result "1-0"]
[WhiteElo "1503"]
[BlackElo "1398"]
[PlyCount "139"]
[EventDate "2013.??.??"]

1. d4 d5 2. Bf4 Nf6 3. h3 e6 4. e3 Be7 5. Bd3 O-O 6. Nf3 b6 7. O-O a5 8. a4 Ba6
9. Nc3 Bxd3 10. Qxd3 Nbd7 11. Nb5 Ne8 12. c4 c6 13. Nc3 Nef6 14. cxd5 exd5 15.
Rfc1 c5 16. dxc5 Nxc5 17. Qb5 Bd6 18. Bg5 Nce4 19. Bxf6 Nxf6 20. Rd1 Rc8 21.
Nxd5 Rc5 22. Nxf6+ Qxf6 23. Qe2 Rfc8 24. Nd4 g6 25. Qf3 Qe5 26. g3 h5 27. h4
Be7 28. Rd2 Rc1+ 29. Rxc1 Rxc1+ 30. Rd1 Qc5 31. b3 Rxd1+ 32. Qxd1 Qd5 33. Qf3
Qxf3 34. Nxf3 Kg7 35. Nd2 Kf6 36. Kf1 Ke5 37. Nc4+ Kf5 38. Nxb6 g5 39. hxg5
Kxg5 40. Nc4 Bb4 41. Ke2 Kf5 42. f3 f6 43. Kf2 Kg5 44. Kg2 Bc5 45. e4 Bb4 46.
f4+ Kg6 47. Kh3 Bc3 48. g4 hxg4+ 49. Kxg4 Bb4 50. Kf3 Kf7 51. Ke3 Ke6 52. f5+
Kd7 53. Kd4 Kc6 54. Nb2 Ba3 55. Nd3 Be7 56. Kc4 Bd6 57. b4 axb4 58. Nxb4+ Kd7
59. a5 Bg3 60. a6 Bf2 61. Kd5 Bb6 62. Nc6 Bf2 63. a7 Bxa7 64. Nxa7 Ke7 65. Nc6+
Kd7 66. Nd4 Ke7 67. Ne2 Kd7 68. Ng3 Ke7 69. Nh5 Kf7 70. Kd6 1-0

[Event "SK Ehrenburg-ASD Arci Scacchi"]
[Site "?"]
[Date "2013.01.26"]
[Round "5.2"]
[White "Flatscher, Tobias"]
[Black "Pichler, Klaus"]
[Result "1-0"]
[WhiteElo "1704"]
[BlackElo "1711"]
[PlyCount "83"]
[EventDate "2013.??.??"]

1. e4 d5 2. exd5 Qxd5 3. Nc3 Qd6 4. d4 Nf6 5. Nf3 a6 6. Be2 e6 7. O-O b5 8. Ne5
Bb7 9. Bf4 Qb6 10. Bf3 Bd6 11. Be3 Nd5 12. Nxd5 exd5 13. Bh5 g6 14. Bf3 f6 15.
Nd3 Nd7 16. Re1 O-O-O 17. b4 c6 18. a4 Qc7 19. g3 h5 20. axb5 axb5 21. Nc5 Qb6
22. Qd3 Rdg8 23. Bd2 h4 24. g4 g5 25. Qf5 Bxc5 26. bxc5 Qc7 27. Ba5 Qf4 28.
Qxf4 gxf4 29. Bd2 f5 30. h3 Nf6 31. Kh2 fxg4 32. Bxg4+ Nxg4+ 33. hxg4 f3 34. g5
Rh7 35. Re6 Rf7 36. Rae1 Kd8 37. Rd6+ Rd7 38. Ba5+ Kc8 39. Rde6 Kb8 40. Re8+
Rxe8 41. Rxe8+ Ka7 42. Kh3 1-0

[Event "SK Ehrenburg-ASD Arci Scacchi"]
[Site "?"]
[Date "2013.01.26"]
[Round "5.3"]
[White "Pollana, Marco"]
[Black "Babinetz, Rainer"]
[Result "0-1"]
[WhiteElo "1766"]
[BlackElo "1898"]
[PlyCount "62"]
[EventDate "2013.??.??"]

1. Nf3 Nf6 2. g3 d6 3. Bg2 g6 4. d3 Bg7 5. e4 Nc6 6. O-O O-O 7. Nbd2 e5 8. c3
Bg4 9. h3 Bd7 10. Qc2 Nh5 11. Nc4 h6 12. Ne3 Qc8 13. Kh2 Ne7 14. d4 f5 15. dxe5
dxe5 16. Nc4 Nc6 17. Nh4 Be6 18. Qe2 Qe8 19. exf5 gxf5 20. Bf3 Nf6 21. Bxc6
bxc6 22. Nxe5 Bf7 23. Bf4 Nd5 24. Rfe1 Rb8 25. Qc2 Be6 26. Ng2 Rb6 27. Bd2 f4
28. Nxf4 Nxf4 29. Bxf4 Qh5 30. Qg6 Qxh3+ 31. Kg1 Bf5 0-1

[Event "SK Ehrenburg-ASD Arci Scacchi"]
[Site "?"]
[Date "2013.01.26"]
[Round "5.4"]
[White "Gruber, Alexander"]
[Black "D'Ambrosio, Luca"]
[Result "1/2-1/2"]
[WhiteElo "1796"]
[BlackElo "1748"]
[PlyCount "57"]
[EventDate "2013.??.??"]

1. d4 d5 2. c4 c6 3. cxd5 cxd5 4. Nc3 Nf6 5. Nf3 Qb6 6. e3 e6 7. Bd3 Be7 8. O-O
O-O 9. Na4 Qd6 10. Bd2 Ne4 11. Rc1 Nc6 12. a3 Bd7 13. Nc5 Nxc5 14. dxc5 Qc7 15.
b4 Bf6 16. Qb3 Ne5 17. Nxe5 Bxe5 18. h3 a6 19. Bc3 Rfc8 20. Rc2 Bxc3 21. Rxc3
Qc6 22. Rb1 Qa4 23. Qxa4 Bxa4 24. Kf1 Kf8 25. Ke1 Ke8 26. Kd2 Kd7 27. Bc2 Bxc2
28. Rxc2 Rc7 29. a4 1/2-1/2

[Event "SK Ehrenburg-ASD Arci Scacchi"]
[Site "?"]
[Date "2013.01.26"]
[Round "5.5"]
[White "Rinaldo, Gaetano"]
[Black "Mairhofer, Lino"]
[Result "1-0"]
[WhiteElo "1607"]
[BlackElo "1745"]
[PlyCount "81"]
[EventDate "2013.??.??"]

1. Nf3 Nf6 2. d4 d6 3. g3 g6 4. Bg2 Bg7 5. O-O O-O 6. c4 c6 7. Nc3 Nbd7 8. e4
e5 9. dxe5 dxe5 10. Qc2 Qc7 11. Rd1 Nc5 12. b3 Bg4 13. h3 Be6 14. Be3 Na6 15.
a3 b6 16. Kh2 Rfd8 17. Rxd8+ Rxd8 18. Rd1 Rxd1 19. Qxd1 Nd7 20. Nh4 h6 21. Na4
b5 22. cxb5 cxb5 23. Nb2 Qc3 24. Qd6 Qxb2 25. Qxa6 Qxb3 26. Qxa7 Bf8 27. Bf1
Qb1 28. Kg2 Qb2 29. a4 Qa3 30. axb5 g5 31. Nf5 Qb4 32. b6 Nc5 33. Qb8 Nd7 34.
Qc7 Qa5 35. Qc6 Qa6 36. Nd6 Kh7 37. Qc7 Qa5 38. Qc6 Qa6 39. Qc7 Qa5 40. Nxf7
Kg6 41. Nd8 1-0

[Event "SK Ehrenburg-ASD Arci Scacchi"]
[Site "?"]
[Date "2013.01.26"]
[Round "5.6"]
[White "Mairhofer, Rene"]
[Black "Scarabello, Graziano"]
[Result "1-0"]
[WhiteElo "1623"]
[BlackElo "1320"]
[PlyCount "79"]
[EventDate "2013.??.??"]

1. e4 c5 2. Nf3 Nc6 3. d4 cxd4 4. Nxd4 e5 5. Nb5 d6 6. N1c3 a6 7. Na3 b5 8. Nd5
Bb7 9. c3 h6 10. Be3 Rc8 11. Nb6 Rb8 12. Nxb5 Nf6 13. Qa4 Nxe4 14. Qxe4 Nd4 15.
Nxd6+ Bxd6 16. Qd3 Qxb6 17. cxd4 e4 18. Qb3 Bb4+ 19. Kd1 Qd6 20. a3 Bc5 21. Rc1
Bxd4 22. Qa4+ Ke7 23. Qxd4 Bd5 24. Qc5 Rxb2 25. Qxd6+ Kxd6 26. Bxa6 Bb3+ 27.
Ke1 Bc2 28. Bd4 Rb1 29. Rxb1 Bxb1 30. Ke2 Rb8 31. Bxg7 f5 32. Bxh6 Rb2+ 33. Bd2
f4 34. h4 f3+ 35. gxf3 exf3+ 36. Ke3 Rb3+ 37. Kf4 Bh7 38. a4 Ke7 39. Rc1 Rb6
40. Rc7+ 1-0

[Event "SG Kaltern/Tramin2-SSV SC Bruneck"]
[Site "?"]
[Date "2013.01.12"]
[Round "6.1"]
[White "Glueck, Alexander"]
[Black "Unterkofler, Alex"]
[Result "1-0"]
[WhiteElo "1964"]
[BlackElo "1657"]
[PlyCount "64"]
[EventDate "2012.??.??"]

1. d4 Nf6 2. c4 g6 3. Nc3 d5 4. Nf3 Bg7 5. e3 O-O 6. Be2 a6 7. b3 c5 8. O-O Nc6
9. Bb2 dxc4 10. bxc4 cxd4 11. exd4 Bg4 12. d5 Na5 13. Nd2 Bxe2 14. Qxe2 Rc8 15.
Rfe1 Re8 16. Rac1 Bh6 17. Nce4 Nh5 18. Rcd1 Qb6 19. Ba1 Nf4 20. Qf3 f5 21. c5
fxe4 22. Nxe4 Qc7 23. d6 exd6 24. cxd6 Qc2 25. d7 Red8 26. dxc8=Q Rxc8 27. Nf6+
Kf8 28. g3 Nh3+ 29. Kg2 Qxf2+ 30. Qxf2 Nxf2 31. Kxf2 Rc2+ 32. Kf1 Rxh2 1-0

[Event "SG Kaltern/Tramin2-SSV SC Bruneck"]
[Site "?"]
[Date "2013.01.12"]
[Round "6.2"]
[White "Leimgruber, Erich"]
[Black "Peintner, Andreas"]
[Result "0-1"]
[WhiteElo "1580"]
[BlackElo "1898"]
[PlyCount "38"]
[EventDate "2012.??.??"]

1. e4 c5 2. Nf3 e6 3. d4 cxd4 4. Nxd4 a6 5. Be2 Nf6 6. Nc3 Qc7 7. O-O d6 8. Kh1
b5 9. a3 Bb7 10. Be3 Be7 11. f4 Nbd7 12. Qe1 O-O 13. Nf3 e5 14. fxe5 dxe5 15.
Bg5 Rfe8 16. Rd1 Rad8 17. Nd5 Bxd5 18. exd5 e4 19. d6 Bxd6 0-1

[Event "SG Kaltern/Tramin2-SSV SC Bruneck"]
[Site "?"]
[Date "2013.01.12"]
[Round "6.3"]
[White "Balzarini, Franco"]
[Black "Sinner, Armin"]
[Result "1-0"]
[WhiteElo "1775"]
[BlackElo "1608"]
[PlyCount "43"]
[EventDate "2012.??.??"]

1. d4 f5 2. Nf3 Nf6 3. e3 e6 4. Bd3 Be7 5. O-O O-O 6. c4 b6 7. Nbd2 Bb7 8. Rb1
Qe8 9. b4 a5 10. a3 axb4 11. axb4 h6 12. Qc2 d6 13. d5 Bc8 14. dxe6 Bxe6 15.
Nd4 Bc8 16. Nxf5 Bxf5 17. Bxf5 Nbd7 18. Nf3 Qh5 19. Bg6 Qg4 20. h3 Qe6 21. Nd4
Ra2 22. Qxa2 1-0

[Event "SG Kaltern/Tramin2-SSV SC Bruneck"]
[Site "?"]
[Date "2013.01.12"]
[Round "6.4"]
[White "Sanin, Wilfried"]
[Black "Lang, Guenther"]
[Result "0-1"]
[WhiteElo "1503"]
[BlackElo "1649"]
[PlyCount "64"]
[EventDate "2012.??.??"]

1. d4 f5 2. Bf4 Nf6 3. e3 g6 4. c3 Bg7 5. Bc4 d5 6. Bd3 O-O 7. h3 b6 8. Nf3
Nbd7 9. O-O Ne4 10. Nbd2 c5 11. Bxe4 fxe4 12. Nh2 e5 13. dxe5 Nxe5 14. Bxe5
Bxe5 15. Ng4 Bg7 16. Nh2 Ba6 17. Re1 Qe7 18. f3 Bd3 19. fxe4 dxe4 20. Qg4 Rf5
21. Qd1 Raf8 22. Ng4 h5 23. Nh2 Qe5 24. Nhf1 Rf2 25. Rc1 Qg5 26. g3 Qf5 27. g4
Qg5 28. Qa4 b5 29. Qxa7 hxg4 30. h4 Qxh4 31. Qc7 Qh3 32. Qg3 Rxf1+ 0-1

[Event "SG Kaltern/Tramin2-SSV SC Bruneck"]
[Site "?"]
[Date "2013.01.12"]
[Round "6.5"]
[White "Oberhammer, Othmar"]
[Black "Steinegger, Elmar"]
[Result "1/2-1/2"]
[WhiteElo "1453"]
[BlackElo "1427"]
[PlyCount "86"]
[EventDate "2012.??.??"]

1. e4 e5 2. Nf3 Nc6 3. d4 exd4 4. Nxd4 Nxd4 5. Qxd4 h6 6. Bc4 c6 7. O-O Qc7 8.
e5 d5 9. exd6 Qxd6 10. Re1+ Be6 11. Qxd6 Bxd6 12. Bxe6 fxe6 13. Rxe6+ Kd7 14.
Re1 Nf6 15. Nc3 Ng4 16. g3 Rhf8 17. Be3 Rae8 18. Rad1 Kc7 19. Kg2 Nxe3+ 20.
Rxe3 Rxe3 21. fxe3 Bc5 22. Rd3 b6 23. b3 Rf7 24. Ne2 Bd6 25. Nd4 Rf6 26. Nf3 c5
27. e4 Re6 28. Re3 Be7 29. e5 Kc6 30. c4 Bd8 31. b4 Bc7 32. b5+ Kd7 33. a4 Re8
34. g4 Ke6 35. h4 Rd8 36. Kg3 Rd1 37. g5 h5 38. Kf4 g6 39. Re1 Rxe1 40. Nxe1
Bxe5+ 41. Ke4 Bg3 42. Nf3 Kd6 43. Ke3 Ke6 1/2-1/2

[Event "ASD Arci Scacchi II-SK Steinegg/Raiffei"]
[Site "?"]
[Date "2013.01.12"]
[Round "6.1"]
[White "Engl, Stefan"]
[Black "Rizzardi, Roberto"]
[Result "1-0"]
[WhiteElo "1828"]
[BlackElo "1513"]
[PlyCount "95"]
[EventDate "2013.??.??"]

1. f4 d5 2. Nf3 e6 3. e3 Be7 4. Be2 c5 5. O-O Nc6 6. d3 Qb6 7. e4 dxe4 8. dxe4
Nf6 9. Nc3 O-O 10. Rb1 Ng4 11. Qe1 Bd7 12. h3 Nf6 13. Be3 Nd4 14. Bd3 a6 15. b4
Nxf3+ 16. Rxf3 Qc7 17. e5 Nd5 18. Nxd5 exd5 19. bxc5 Bxc5 20. Kh2 d4 21. Bxd4
Bxd4 22. Qe4 g6 23. Qxd4 Bc6 24. Be4 Rad8 25. Qc4 Qa5 26. Bxc6 bxc6 27. Rb2 Qd5
28. Qxa6 Ra8 29. Qd3 Qe6 30. Qb3 Qf5 31. Qc4 g5 32. Rg3 h6 33. fxg5 Qxe5 34.
gxh6+ Kh7 35. Qc3 Rfe8 36. Qxe5 Rxe5 37. Rg7+ Kxh6 38. Rxf7 Re2 39. Rf6+ Kh7
40. Rb7+ Kh8 41. Rh6+ Kg8 42. Rxc6 Kh8 43. Rcc7 Kg8 44. a4 Kf8 45. Ra7 Rxa7 46.
Rxa7 Rxc2 47. a5 Ra2 48. h4 1-0

[Event "ASD Arci Scacchi II-SK Steinegg/Raiffei"]
[Site "?"]
[Date "2013.01.12"]
[Round "6.2"]
[White "Gasparro, Antonio"]
[Black "Lantschner, Carmen"]
[Result "1/2-1/2"]
[WhiteElo "1388"]
[BlackElo "1726"]
[PlyCount "97"]
[EventDate "2013.??.??"]

1. d4 d6 2. e4 Nf6 3. Nc3 g6 4. Bg5 Bg7 5. e5 Nfd7 6. exd6 cxd6 7. Qd2 h6 8.
Be3 Nf6 9. O-O-O Nc6 10. Be2 Bd7 11. h3 Qa5 12. Nf3 Nd5 13. Nxd5 Qxd5 14. Kb1
Rc8 15. g4 Qa5 16. Qxa5 Nxa5 17. Bd3 Bc6 18. Be2 Be4 19. Rc1 O-O 20. Rhe1 Nc6
21. Nd2 f5 22. Nxe4 fxe4 23. c3 d5 24. Rf1 e5 25. Rcd1 exd4 26. cxd4 Rce8 27.
a3 a5 28. Kc2 a4 29. Bb5 Ra8 30. Kb1 Ra5 31. Be2 b5 32. f3 exf3 33. Bxf3 b4 34.
Bg2 Rb8 35. Ka2 bxa3 36. bxa3 Rab5 37. Rb1 Nxd4 38. Rxb5 Rxb5 39. Rb1 Rc5 40.
Rc1 Rb5 41. Rb1 Nb3 42. Bf1 Rb8 43. Bd3 Re8 44. Bf2 Nd2 45. Rd1 Nc4 46. Rc1 Rf8
47. Bc5 Rb8 48. Bb4 Ne5 49. Bc2 1/2-1/2

[Event "ASD Arci Scacchi II-SK Steinegg/Raiffei"]
[Site "?"]
[Date "2013.01.12"]
[Round "6.3"]
[White "Engl, Alexander"]
[Black "Zanatta, Daniel"]
[Result "0-1"]
[WhiteElo "1710"]
[BlackElo "1328"]
[PlyCount "64"]
[EventDate "2013.??.??"]

1. f4 d5 2. Nf3 Bg4 3. Ne5 Bf5 4. g3 Nd7 5. Nf3 e6 6. Bg2 Be7 7. d3 h5 8. h3
Ngf6 9. Be3 c6 10. Bf2 Qc7 11. Nc3 e5 12. e3 e4 13. Nd4 Bh7 14. dxe4 Bxe4 15.
Nxe4 Nxe4 16. Bxe4 dxe4 17. Nf5 Qa5+ 18. c3 Qxf5 19. Qc2 Nc5 20. O-O-O Nd3+ 21.
Kb1 Qb5 22. c4 Qb6 23. Rxd3 exd3 24. Qxd3 Rd8 25. Qe2 O-O 26. e4 Qb4 27. Be1
Qb6 28. Bf2 Bc5 29. Be1 Rd7 30. g4 Rfd8 31. Bc3 Rd3 32. Rc1 Be3 0-1

[Event "ASD Arci Scacchi II-SK Steinegg/Raiffei"]
[Site "?"]
[Date "2013.01.12"]
[Round "6.4"]
[White "Paltrinieri, Mario"]
[Black "Resch, Aaron"]
[Result "0-1"]
[WhiteElo "1379"]
[BlackElo "1709"]
[PlyCount "92"]
[EventDate "2013.??.??"]

1. b3 b6 2. Bb2 Bb7 3. f4 d6 4. e3 Nd7 5. Nf3 Ngf6 6. Be2 g6 7. O-O Bg7 8. d3
O-O 9. Ng5 h6 10. Bf3 Nd5 11. Bxg7 Kxg7 12. Bxd5 Bxd5 13. Nf3 f5 14. Nc3 Bxf3
15. Qxf3 e5 16. Ne2 Qe7 17. h3 Rae8 18. Rae1 exf4 19. Nxf4 Ne5 20. Qg3 Qg5 21.
Qf2 c6 22. d4 Nd7 23. Qd2 Nf6 24. Qd3 b5 25. c4 a6 26. d5 cxd5 27. cxd5 Kf7 28.
Ne6 Rxe6 29. dxe6+ Kxe6 30. Rd1 Ne4 31. Rc1 Nc5 32. Rfd1 Nxd3 33. Rxd3 Kd7 34.
Rdc3 Re8 35. Rc7+ Ke6 36. Re1 Re7 37. Rc3 Qg3 38. Kf1 Kd7 39. Rc2 f4 40. e4 f3
41. Rd2 fxg2+ 42. Rxg2 Qd3+ 43. Kg1 Rxe4 44. Rf1 Qxh3 45. Rxg6 Rg4+ 46. Rxg4
Qxg4+ 0-1

[Event "ASD Arci Scacchi II-SK Steinegg/Raiffei"]
[Site "?"]
[Date "2013.01.12"]
[Round "6.5"]
[White "Mair, Stephan"]
[Black "Olivetti, Davide"]
[Result "1-0"]
[WhiteElo "1410"]
[BlackElo "1428"]
[PlyCount "121"]
[EventDate "2013.??.??"]

1. d4 Nf6 2. Bf4 Nc6 3. e3 e5 4. dxe5 Ng4 5. Qxg4 d6 6. Qg3 Nb4 7. Na3 Nd5 8.
Bc4 dxe5 9. Bxe5 Be6 10. Rd1 c6 11. Ne2 Qa5+ 12. c3 Bxa3 13. bxa3 O-O-O 14. O-O
h5 15. Bxd5 Bxd5 16. Nf4 Rhe8 17. Nxd5 Rxd5 18. Qh3+ Re6 19. Bd4 h4 20. e4 Rh5
21. e5 Kb8 22. Qf3 Rh8 23. Qxf7 Rhe8 24. Rb1 R8e7 25. Qf3 g5 26. Rfd1 Re8 27.
Rb2 Rxe5 28. Bxe5+ Qxe5 29. Rbb1 Qe6 30. Kf1 Qxa2 31. Qxc6 Qe2+ 32. Kg1 Qxd1+
33. Rxd1 bxc6 34. Kf1 Kc7 35. Rd4 Rb8 36. Ke2 Rb3 37. Ra4 Rxc3 38. Rxa7+ Kb6
39. Rg7 Rxa3 40. Rxg5 h3 41. Rg3 Ra2+ 42. Kf3 Ra3+ 43. Kg4 Rxg3+ 44. Kxg3 c5
45. gxh3 c4 46. Kf3 Kb5 47. Ke2 Kc5 48. h4 Kd4 49. Kd2 Ke4 50. Kc3 Kf4 51. Kxc4
Kg4 52. Kd4 Kxh4 53. f4 Kh5 54. Ke5 Kh6 55. Ke6 Kg7 56. f5 Kf8 57. Kf6 Kg8 58.
Ke7 Kg7 59. f6+ Kh8 60. f7 Kh7 61. f8=Q 1-0

[Event "ASD Arci Scacchi-SK Klausen"]
[Site "?"]
[Date "2013.01.12"]
[Round "6.1"]
[White "Schacher, Gerd"]
[Black "Minotti, Paolo"]
[Result "1-0"]
[WhiteElo "2300"]
[BlackElo "1643"]
[PlyCount "65"]
[EventDate "2013.??.??"]

1. Nf3 c5 2. g3 Nc6 3. c4 Nf6 4. Bg2 e6 5. O-O Be7 6. Nc3 O-O 7. d4 d5 8. cxd5
Nxd5 9. Nxd5 exd5 10. dxc5 Bxc5 11. Qc2 Qb6 12. Bf4 Nb4 13. Qd2 Re8 14. a3 Nc6
15. Rac1 Bg4 16. h3 Bxf3 17. Bxf3 Nd4 18. b4 Nxf3+ 19. exf3 Bd6 20. Rfd1 Bxf4
21. Qxf4 Re2 22. Qd4 h6 23. Qxb6 axb6 24. Rc3 Ra2 25. Rxd5 Re8 26. f4 Ree2 27.
Rf3 Ra1+ 28. Kg2 Ree1 29. Rc3 Ra2 30. Rd8+ Kh7 31. Rd7 Ree2 32. Rf3 Re6 33.
Rxf7 1-0

[Event "ASD Arci Scacchi-SK Klausen"]
[Site "?"]
[Date "2013.01.12"]
[Round "6.2"]
[White "Pichler, Klaus"]
[Black "Schrott, Karl"]
[Result "1/2-1/2"]
[WhiteElo "1711"]
[BlackElo "1989"]
[PlyCount "37"]
[EventDate "2013.??.??"]

1. f4 d5 2. e3 c5 3. b3 Nc6 4. Bb5 Nf6 5. Nf3 Bd7 6. Bb2 e6 7. O-O a6 8. Bxc6
Bxc6 9. Ne5 g6 10. Nxc6 bxc6 11. d3 Bg7 12. Qe1 O-O 13. Nd2 Nd7 14. Bxg7 Kxg7
15. e4 Qa5 16. Nf3 Qxe1 17. Raxe1 a5 18. a4 Rab8 19. Re3 1/2-1/2

[Event "ASD Arci Scacchi-SK Klausen"]
[Site "?"]
[Date "2013.01.12"]
[Round "6.3"]
[White "Seebacher, Reinhard"]
[Black "Pollana, Marco"]
[Result "1/2-1/2"]
[WhiteElo "1880"]
[BlackElo "1766"]
[PlyCount "84"]
[EventDate "2013.??.??"]

1. Nf3 d6 2. d4 g6 3. e4 Bg7 4. Bc4 e6 5. O-O Ne7 6. Nc3 h6 7. h3 a6 8. a4 b6
9. Re1 Nd7 10. Be3 Bb7 11. Bb3 c5 12. Qe2 g5 13. Rad1 Qc7 14. Bc1 Ng6 15. Nb1
O-O 16. c3 Rac8 17. Na3 Nf6 18. Bc2 e5 19. dxe5 dxe5 20. g3 Rfd8 21. Nh2 Rxd1
22. Rxd1 Qc6 23. Nc4 Bf8 24. Ng4 Nxg4 25. Qxg4 Re8 26. Ne3 Bc8 27. Nf5 Ne7 28.
h4 Nxf5 29. exf5 Bb7 30. Kf1 Qg2+ 31. Ke2 f6 32. hxg5 hxg5 33. Bb3+ Kg7 34.
Rd7+ Re7 35. Rxb7 Rxb7 36. Qc4 Kh6 37. Qg8 Bg7 38. Bd5 e4 39. Bxb7 Qf3+ 40. Ke1
Qh1+ 41. Kd2 e3+ 42. fxe3 Qxb7 1/2-1/2

[Event "ASD Arci Scacchi-SK Klausen"]
[Site "?"]
[Date "2013.01.12"]
[Round "6.4"]
[White "D'Ambrosio, Luca"]
[Black "Schrott, Ernst"]
[Result "1-0"]
[WhiteElo "1748"]
[BlackElo "1814"]
[PlyCount "85"]
[EventDate "2013.??.??"]

1. d4 Nf6 2. Nf3 b5 3. e3 b4 4. Be2 e6 5. O-O c5 6. c3 Bb7 7. a3 a5 8. axb4
cxb4 9. cxb4 axb4 10. Rxa8 Bxa8 11. Qa4 Nc6 12. Nbd2 Qa5 13. Bb5 Qxa4 14. Bxa4
Na5 15. Ne5 Bd6 16. Ndc4 Nxc4 17. Nxc4 Ke7 18. Nxd6 Kxd6 19. Bd2 Rb8 20. e4 Ke7
21. f3 Rb6 22. Rc1 Bc6 23. Bxc6 dxc6 24. b3 e5 25. dxe5 Nd7 26. f4 c5 27. Be3
Rc6 28. Kf1 f6 29. exf6+ gxf6 30. Ke2 Kd6 31. Rd1+ Ke6 32. Rc1 Kd6 33. Kd3 Ra6
34. Rc2 Ra1 35. Kc4 Kc6 36. Bxc5 Re1 37. Bxb4 Rxe4+ 38. Kd3+ Kd5 39. Rc4 f5 40.
Rxe4 fxe4+ 41. Ke3 Nf6 42. h3 Nh5 43. g4 1-0

[Event "ASD Arci Scacchi-SK Klausen"]
[Site "?"]
[Date "2013.01.12"]
[Round "6.5"]
[White "Sigmund, Ingenuin"]
[Black "Rinaldo, Gaetano"]
[Result "1-0"]
[WhiteElo "1728"]
[BlackElo "1607"]
[PlyCount "107"]
[EventDate "2013.??.??"]

1. e4 e6 2. d4 d5 3. Nd2 Nf6 4. e5 Nfd7 5. f4 c5 6. c3 cxd4 7. cxd4 Nc6 8. Ndf3
Qb6 9. Ne2 Be7 10. a3 f6 11. Qc2 O-O 12. Bd2 Na5 13. Nc3 Nb3 14. Rd1 Nxd4 15.
Nxd4 Qxd4 16. Bc1 Qc5 17. Bd3 fxe5 18. Bxh7+ Kh8 19. Rd3 Bh4+ 20. g3 e4 21.
gxh4 exd3 22. Qxd3 Nf6 23. Be3 Qc4 24. Bg6 Qxd3 25. Bxd3 Bd7 26. Rg1 a6 27. Bd4
Rac8 28. Kd2 Nh5 29. Ne2 Bb5 30. Rg6 Bxd3 31. Kxd3 Nf6 32. Be5 Kh7 33. h5 Nxh5
34. Rxe6 Rc6 35. Re7 b6 36. Nd4 Rg6 37. Ne6 Rf5 38. Re8 Rxe5 39. fxe5 Rxe6 40.
Rxe6 Nf4+ 41. Kd4 Nxe6+ 42. Kxd5 Nf4+ 43. Kc6 Nd3 44. e6 Kg8 45. b4 Ne5+ 46.
Kxb6 Nc4+ 47. Kxa6 Nxa3 48. b5 Nc2 49. b6 Nb4+ 50. Kb5 Nd5 51. b7 Nc7+ 52. Kb6
Nd5+ 53. Kc5 Nc7 54. b8=Q+ 1-0

[Event "ASK Niederdorf-SC SSV Taufers"]
[Site "?"]
[Date "2013.01.12"]
[Round "6.1"]
[White "Niederkofler, Andreas"]
[Black "Obersteiner, Stefan"]
[Result "1-0"]
[WhiteElo "1770"]
[BlackElo "1731"]
[PlyCount "93"]
[EventDate "2013.??.??"]

1. e4 c5 2. Nf3 Nc6 3. d4 cxd4 4. Nxd4 d6 5. c4 Nf6 6. Nc3 g6 7. Be2 Bg7 8. Be3
O-O 9. O-O Bd7 10. Qd2 Nxd4 11. Bxd4 a6 12. f3 Rc8 13. Rab1 Nh5 14. Be3 f5 15.
Qd5+ Kh8 16. Qxb7 Ra8 17. Bd3 f4 18. Bb6 Qb8 19. Qxb8 Raxb8 20. Bf2 Rfc8 21.
Rfc1 Nf6 22. b3 Be8 23. Ne2 e5 24. Nc3 g5 25. Be2 h5 26. Rd1 Bf8 27. Rd2 Bd7
28. Rbd1 Rc6 29. Nd5 Nxd5 30. cxd5 Rc3 31. Bxa6 g4 32. Be2 Be7 33. Rb2 Rbc8 34.
Kf1 Bd8 35. a4 gxf3 36. Bxf3 h4 37. Be1 Rc2 38. Rxc2 Rxc2 39. Bb4 Bc7 40. Rd2
Rc1+ 41. Ke2 h3 42. Kd3 hxg2 43. Rxg2 Bh3 44. Rc2 Rb1 45. Rxc7 Rxb3+ 46. Bc3
Bf1+ 47. Kc2 1-0

[Event "ASK Niederdorf-SC SSV Taufers"]
[Site "?"]
[Date "2013.01.12"]
[Round "6.2"]
[White "Schmidhofer, Josef"]
[Black "Holzer, Phillipp"]
[Result "0-1"]
[WhiteElo "1510"]
[BlackElo "1759"]
[PlyCount "67"]
[EventDate "2013.??.??"]

1. d4 Nf6 2. c4 e6 3. Nc3 b6 4. e3 Bb4 5. Nf3 Bb7 6. Be2 Ne4 7. Qc2 O-O 8. O-O
Bxc3 9. bxc3 d6 10. Bd3 f5 11. Nd2 Nxd2 12. Bxd2 Nd7 13. Rae1 Nf6 14. f3 Qe7
15. e4 fxe4 16. fxe4 e5 17. Bg5 Rae8 18. a4 a5 19. Bxf6 Rxf6 20. Rxf6 Qxf6 21.
Rf1 Qe7 22. d5 Rf8 23. Rxf8+ Qxf8 24. Qf2 Qxf2+ 25. Kxf2 Kf7 26. Be2 Bc8 27.
Kg3 Bd7 28. Bd1 Kf6 29. h3 Kg5 30. h4+ Kf6 31. Kf3 h5 32. Kg3 g5 33. Bc2 Bg4
34. Bd3 0-1

[Event "ASK Niederdorf-SC SSV Taufers"]
[Site "?"]
[Date "2013.01.12"]
[Round "6.3"]
[White "Forer, Erich"]
[Black "Girardelli, Daniel"]
[Result "1-0"]
[WhiteElo "1733"]
[BlackElo "1398"]
[PlyCount "63"]
[EventDate "2013.??.??"]

1. Nf3 Nc6 2. d4 d5 3. g3 Nf6 4. Bg2 e6 5. O-O Be7 6. Re1 O-O 7. Nbd2 h6 8. c3
Nh7 9. e4 Nf6 10. Qe2 Re8 11. Ne5 dxe4 12. Nxc6 bxc6 13. Nxe4 Bb7 14. a3 Rb8
15. Nc5 Bxc5 16. dxc5 Qe7 17. Be3 Rbd8 18. b4 Nd5 19. Bd4 Qg5 20. f4 Qf5 21.
Be4 Qh3 22. Bf3 Qf5 23. Rad1 Nf6 24. Qg2 Ba8 25. Re5 Qh7 26. Rde1 Qd3 27. R5e3
Qc4 28. Qh3 Nd5 29. Qg4 f6 30. Rxe6 Rxe6 31. Qxe6+ Kf8 32. Bh5 1-0

[Event "ASK Niederdorf-SC SSV Taufers"]
[Site "?"]
[Date "2013.01.12"]
[Round "6.4"]
[White "Haspinger, Hartmann"]
[Black "Haidacher, Gerold"]
[Result "0-1"]
[WhiteElo "1349"]
[BlackElo "1726"]
[PlyCount "86"]
[EventDate "2013.??.??"]

1. d4 Nf6 2. c4 g6 3. Nc3 Bg7 4. Nf3 d6 5. Bf4 O-O 6. e4 Nh5 7. Bg5 h6 8. Bh4
Nc6 9. Be2 Nf4 10. O-O Nxe2+ 11. Qxe2 Nxd4 12. Nxd4 Bxd4 13. Nd5 Bf6 14. Nxf6+
exf6 15. Qf3 Kg7 16. Rfd1 Qe7 17. Rd2 g5 18. Bg3 Re8 19. Re1 f5 20. Qc3+ f6 21.
f3 f4 22. Bf2 Be6 23. b3 b6 24. Red1 Qf7 25. h3 h5 26. h4 g4 27. g3 gxf3 28.
Kh2 Bg4 29. Re1 fxg3+ 30. Bxg3 Re6 31. Rf2 Rae8 32. Rxf3 Bxf3 33. Qxf3 Kf8 34.
Qf5 Ke7 35. b4 Rg8 36. Bf4 Qg6 37. Qh3 Qg4 38. c5 Qxf4+ 39. Kh1 Rg4 40. cxd6+
cxd6 41. Qc3 Rxh4+ 42. Kg1 Qh2+ 43. Kf1 Rf4+ 0-1

[Event "SG Kaltern/Tramin-Brixen/Milland"]
[Site "?"]
[Date "2013.01.12"]
[Round "6.1"]
[White "Sader, Michael"]
[Black "Paltrinieri, Nicholas"]
[Result "1/2-1/2"]
[WhiteElo "2169"]
[BlackElo "2119"]
[PlyCount "127"]
[EventDate "2013.??.??"]

1. Nf3 e6 2. c4 f5 3. g3 Nf6 4. Bg2 Be7 5. O-O O-O 6. d3 d6 7. Nc3 Nc6 8. e4 e5
9. h3 Qe8 10. Nd5 Bd8 11. exf5 Bxf5 12. d4 e4 13. Ne1 b5 14. Ne3 Bg6 15. cxb5
Nb8 16. a4 a6 17. bxa6 Nxa6 18. Bd2 Rb8 19. Bc3 Bf7 20. N1c2 Bb3 21. Qe2 Qc6
22. a5 Qb7 23. Rfc1 c6 24. Ra3 Ra8 25. Nc4 Bxc4 26. Qxc4+ d5 27. Qe2 Be7 28. b4
Nc7 29. Raa1 Bd6 30. Bd2 Ne6 31. Be3 h5 32. h4 Qf7 33. Bh3 Nh7 34. b5 cxb5 35.
Qxb5 Nc7 36. Qe2 g5 37. hxg5 Qg6 38. Ne1 Nxg5 39. Bg2 Nge6 40. Rc6 Ne8 41. Bh3
Rf6 42. Bxe6+ Rxe6 43. Ng2 Ng7 44. Qb5 Nf5 45. Qxd5 Ne7 46. Rxd6 Nxd5 47. Rxd5
Qf7 48. Nf4 Rh6 49. Rg5+ Kh7 50. Rc1 h4 51. Rgc5 Ra7 52. Nd5 Qf3 53. Rc7+ Rxc7
54. Rxc7+ Kh8 55. Bxh6 hxg3 56. Bg7+ Kh7 57. Be5+ Kh6 58. Bxg3 Qd1+ 59. Kg2
Qf3+ 60. Kh3 Qh5+ 61. Bh4 Qxd5 62. Rc5 Qxd4 63. Bg5+ Kg6 64. Be3 1/2-1/2

[Event "SG Kaltern/Tramin-Brixen/Milland"]
[Site "?"]
[Date "2013.01.12"]
[Round "6.2"]
[White "Waldner, Mirko"]
[Black "Brenninger, Daniel"]
[Result "1/2-1/2"]
[WhiteElo "1836"]
[BlackElo "2056"]
[PlyCount "56"]
[EventDate "2013.??.??"]

1. d4 e6 2. c4 b6 3. Nc3 Bb7 4. Nf3 Nf6 5. Bg5 Be7 6. e3 O-O 7. Be2 Ne4 8. Nxe4
Bxe4 9. Bxe7 Qxe7 10. O-O d6 11. Nd2 Bb7 12. Bf3 c6 13. Rc1 Nd7 14. b4 Rfc8 15.
Qb3 d5 16. b5 cxb5 17. cxd5 Bxd5 18. Bxd5 exd5 19. Qxd5 a6 20. Qb7 Rcb8 21. Qf3
Rc8 22. Rxc8+ Rxc8 23. Qb7 Rc2 24. Nf3 Qe6 25. Qxa6 Qc6 26. Qa3 Qc4 27. Qe7 Nf8
28. Ne5 Qxa2 1/2-1/2